Thermodynamics of the atmosphere (Record no. 77808)

MARC details
000 -LEADER
fixed length control field 00683nam a2200217Ia 4500
008 - FIXED-LENGTH DATA ELEMENTS--GENERAL INFORMATION
fixed length control field 191130s2004##################000#0#eng##
020 ## - INTERNATIONAL STANDARD BOOK NUMBER
ISBN 521809533
082 ## - DEWEY DECIMAL CLASSIFICATION NUMBER
Classification number 551.522 ZDU
100 ## - MAIN ENTRY--AUTHOR NAME
Personal name Zdunkowski, Wilford
245 ## - TITLE STATEMENT
Title Thermodynamics of the atmosphere
Statement of responsibility, etc Wilford Zdunkowski and Andreas Bott
260 ## - PUBLICATION, DISTRIBUTION, ETC. (IMPRINT)
Place of publication Cambridge
Name of publisher Cambridge University Press
Year of publication 2004
300 ## - PHYSICAL DESCRIPTION
Number of Pages xiii, 251 p. : ill. ; 26 cm
500 ## - GENERAL NOTE
General note Includes bibliographical references (p. 246-247) and index
650 ## - SUBJECT ADDED ENTRY--TOPICAL TERM
Topical Term Atmospheric thermodynamics
700 ## - ADDED ENTRY--PERSONAL NAME
Personal name Bott, Andreas
991 ## -
-- 160439
Holdings
Withdrawn status Lost status Damaged status Not for loan Home library Current library Shelving location Date acquired Full call number Accession Number Price effective from Koha item type
        Anna Centenary Library Anna Centenary Library 5TH FLOOR, A WING 09.10.2020 551.522 ZDU 104573 09.10.2020 English Books

Find us on the map